Boj se vede o talenty

Príčiny zvyšujúceho sa medzinárodého boja o talenty. Mobilita kvalifikovanej pracovnej sily. Identifikácia talentov. Znalostní zamestnanci. Riadenie znalostných zamestnancov.

Gespeichert in:
Bibliographische Detailangaben
1. Verfasser: Urban, Jan
Format: Buchkapitel
Sprache:Tschechisch
Schlagworte:
Tags: Tag hinzufügen
Keine Tags, Fügen Sie das erste Tag hinzu!

MARC

LEADER 00000naa$a2200000$$$4500
001 0064251
005 20231016105757.6
041 0 |a cze 
044 |a CZ 
245 1 0 |a Boj se vede o talenty  |c Jan Urban 
520 |a Príčiny zvyšujúceho sa medzinárodého boja o talenty. Mobilita kvalifikovanej pracovnej sily. Identifikácia talentov. Znalostní zamestnanci. Riadenie znalostných zamestnancov. 
610 2 0 |a riadenie ľudských zdrojov 
610 2 0 |a vedenie ľudí 
610 2 0 |a výber pracovníkov 
610 2 0 |a spoločnosť vedomostná 
610 2 0 |a vedomosti 
610 2 0 |a kvalifikácia 
610 2 0 |a kreativita 
610 2 0 |a schopnosti pracovné 
610 2 0 |a pohyb síl pracovných 
610 2 0 |a manažéri 
100 1 |a Urban, Jan